| 000 | 01738nam a22002297a 4500 | ||
|---|---|---|---|
| 999 |
_c60370 _d60370 |
||
| 003 | Ge_BSU | ||
| 005 | 20230706110642.0 | ||
| 008 | 230706s2007ge xxu||||| |||| 00| 0 geo d | ||
| 020 | _a9789994031832 | ||
| 041 | _ageo | ||
| 080 | _a811.353+930.85 გ-70 | ||
| 100 |
_aგორდეზიანი, რისმაგ, ავტორი. _919086 |
||
| 245 |
_aMediterranea-Kartvelica = მედიტერანულ-ქართველური მიმართებები. _b[ტ.] 1, საწყისები / _cრისმაგ გორდეზიანი. |
||
| 264 |
_aთბილისი : _bლოგოსი, _c2007. |
||
| 300 |
_a205 გვ.: _b20 სმ. |
||
| 440 |
_aპროგრამა "ლოგოსი" : პუბლიკაციები და ღონისძიებები კლასიკური ფილოლოგიის, ბიზანტინისტიკისა და ნეოგრეცისტიკის სფეროში _93642 |
||
| 504 | _aბიბლიოგრაფია ტექსტის შენიშვნებში. | ||
| 653 | _aშუმერული ენა. ცივილიზაციის ისტორია. | ||
| 653 | _aქართველური ენები. შუმერულ-ქართველური ენობრივი შეხვედრები. | ||
| 710 |
_aთბილისი სახელმწიფო უნივერსიტეტი. კლასიკური ფილოლოგიის, ბიზანტინისტიკისა და ნეოგრეცისტიკის ინსტიტუტი. _919176 |
||
| 942 |
_2udc _cBK |
||